00737nam a2200217Ia 450000500170000000800410001702000180005804000180007604100080009408200240010210000180012624501440014425000120028826000470030030000250034765000380037265000330041065000320044370000240047570000200049920220829160025.0210716s2008 xx 000 0 und d a9788120335950 cAIMIT LIBRARY aeng a574.80285 23bRASS aRastogi, S C. aBioinformatics methods and applications : bgenomics proteomics and drug discovery /cBy S C Rastogi, Namitha Mendiratta and Parag Rastogi. a3rd ed. aNew Delhi :bPHI Learning Pvt Ltd ,c2008. axvi, 524p. ;c23 cm. aProfiles and hidden markov models aProtein structure prediction aComputer- aided drug design aMendiratta, Namita. aRastogi, Parag.